Milwaukee Bucks 40 Point Games - Statistics

General Stats
  • This quiz has been taken 170 times
    31 since last reset
  • The average score is 11 of 22
Answer Stats
Player Max Nb % Correct
Giannis Antetokounmpo 64 56
100%
Kareem Abdul-Jabbar 55 55
96%
Khris Middleton 51 5
91%
Damian Lillard 45 5
87%
Ray Allen 47 5
78%
Jrue Holiday 51 3
74%
Sidney Moncrief 43 2
65%
Michael Redd 57 11
57%
Flynn Robinson 45 6
48%
Glenn Robinson 45 5
48%
Marques Johnson 40 2
48%
Vin Baker 41 1
48%
Bob Dandridge 40 1
43%
Brandon Jennings 55 1
43%
Pat Connaughton 43 1
35%
Sam Cassell 40 1
35%
Ricky Pierce 45 1
26%
Junior Bridgeman 41 1
22%
Brian Winters 43 3
17%
Quinn Buckner 40 1
4%
Ramon Sessions 44 1
4%
Jim Price 43 1
0%
No matching quizzes found
Score Distribution
Percent of People with Each Score
Percentile by Number Answered
Your Score History
You have not taken this quiz since the last reset